000 00851nam a2200205 i 4500
001 189944
003 ES-MaACL
005 20250902073148.0
007 t|
008 200221s1964 sp ||||1| spa d
245 0 0 _aCerámica y vidrio
_b: Reglamentaciones nacionales de trabajo de cerámica. Tejas y ladrillos y vidrio. Modificaciones y aclaraciones al dia. Decretos 55 y 56/1963 y normas para su aplicación...
260 _aMadrid :
_bGarcía Enciso,
_c1964.
300 _a238 p. ;
_c16 cm.
490 1 _aColección "Garcia Enciso"
650 4 _aTrabajadores de la industria cerámica-
_vEstatuto jurídico-
_zEspaña.
_9169660
650 4 _aTrabajadores de la industria del vidrio-
_xEstatuto jurídico-
_zEspaña.
_9169661
830 0 0 _aColección "García Enciso"
_9176884
852 _aES-MaACL
_jE-2516
999 _c189944
_d189944